000 00283nam a2200121Ia 4500
100 _aKumar/Dev/ Narang
942 _cBK
654 _aworkshop RADIO
245 _aBasic Workshop Calculation & Science Radio
260 _bNew Heights
_aNew Delhi
300 _a416
546 _aHINDI
999 _c27334
_d27334